| 000 | 00391pab a2200145 454500 | ||
|---|---|---|---|
| 008 | 180718b2005 xxu||||| |||| 00| 0 eng d | ||
| 100 | _aMurthy, R.V.R. | ||
| 245 | _aIndia's security concerns in the Bay of Bengal: with special reference to A & N Islands | ||
| 260 | _c2005 | ||
| 300 | _ap.106-18. | ||
| 362 | _aJul-Sep | ||
| 650 | _aState security | ||
| 773 | _aDialogue | ||
| 909 | _a67219 | ||
| 999 |
_c67219 _d67219 |
||